[Event "Srpska Republic-chT 1st League"]
[Site "Banja Vrucica"]
[Date "2014.08.17"]
[Round "9.2"]
[White "Popovic, Zoran"]
[Black "Markovic, Lazar"]
[Result "1-0"]
[WhiteElo "2345"]
[BlackElo "2130"]
[PlyCount "51"]
[EventDate "2014.08.09"]
[EventType "team-tourn"]
[EventRounds "9"]
[EventCountry "BIH"]
[SourceTitle "EXT 2016"]
[Source "ChessBase"]
[SourceDate "2015.10.08"]
[SourceVersion "1"]
[SourceVersionDate "2015.10.08"]
[SourceQuality "1"]
[WhiteTeam "Srbac"]
[BlackTeam "Brcko Jedinstvo"]
[WhiteTeamCountry "BIH"]
[BlackTeamCountry "BIH"]

1. d4 c5 2. d5 e5 3. e4 d6 4. Nc3 g6 5. f4 Bg7 6. Nf3 Bg4 7. Bb5+ Nd7 8. fxe5 Bxe5 9. 0-0 a6 10. Nxe5 axb5 11. Nxf7 Bxd1 12. Nxd8 Rxd8 13. Rxd1 b4 14. Nb5 Ne5 15. Bg5 Rd7 16. a3 Nf7 17. Bh4 bxa3 18. Rxa3 Ne7 19. Ra8+ Rd8 20. Rxd8+ Kxd8 21. Rf1 Ke8 22. Nc7+ Kf8 23. e5 dxe5 24. d6 Nf5 25. Bf6 N5xd6 26. Bxh8 1-0

[Event "Wch Seniors 23rd"]
[Site "Opatija"]
[Date "2013.11.12"]
[Round "1"]
[White "Markovic, Lazar"]
[Black "Urbanc, Vinko"]
[Result "0-1"]
[WhiteElo "2172"]
[BlackElo "1842"]
[PlyCount "98"]
[EventDate "2013.11.12"]
[EventType "swiss"]
[EventRounds "11"]
[EventCountry "CRO"]
[SourceTitle "CBM 157 Extra"]
[Source "ChessBase"]
[SourceDate "2013.12.19"]
[SourceVersion "1"]
[SourceVersionDate "2013.12.19"]
[SourceQuality "1"]

1. e4 Nf6 2. e5 Nd5 3. d4 d6 4. c4 Nb6 5. exd6 cxd6 6. Nf3 Bg4 7. Be2 e6 8. Nc3 Be7 9. h3 Bxf3 10. Bxf3 Nc6 11. b3 d5 12. c5 Nd7 13. 0-0 0-0 14. a3 Bf6 15. Be3 Nxc5 16. Rc1 Nd7 17. b4 Nb6 18. Be2 a6 19. Qd2 Nc4 20. Bxc4 dxc4 21. Rfd1 b5 22. Ne4 Qd5 23. Nc3 Qf5 24. Qc2 Qxc2 25. Rxc2 Rfd8 26. Rcd2 Ne7 27. Kf1 Nd5 28. Ne2 Kf8 29. Rb1 Ke7 30. Ke1 Rd7 31. Rc2 Rad8 32. a4 Rb7 33. a5 Kd7 34. Kd1 Kc6 35. Kc1 Rbd7 36. Ra2 h5 37. Rc2 Ne7 38. g4 hxg4 39. hxg4 g6 40. Rd2 Nd5 41. Rd1 Rh8 42. Rg1 Rh2 43. Kd1 Be7 44. Bd2 Rxf2 45. g5 Rf3 46. Ke1 Kb7 47. Rf1 Rd3 48. Rxf7 Rxd2 49. Kxd2 Bxg5+ 0-1

[Event "Wch Seniors 22nd"]
[Site "Kamena Vourla"]
[Date "2012.11.23"]
[Round "10"]
[White "Borwell, Alan Peter"]
[Black "Markovic, Lazar"]
[Result "1/2-1/2"]
[WhiteElo "2039"]
[BlackElo "2197"]
[PlyCount "101"]
[EventDate "2012.11.13"]
[EventType "swiss"]
[EventRounds "11"]
[EventCountry "GRE"]
[SourceTitle "CBM 151 Extra"]
[Source "ChessBase"]
[SourceDate "2012.12.18"]
[SourceVersion "1"]
[SourceVersionDate "2012.12.18"]
[SourceQuality "1"]

1. e4 d5 2. exd5 Qxd5 3. Nc3 Qd6 4. Bc4 c6 5. Qf3 Nf6 6. Nge2 Bg4 7. Qg3 Bxe2 8. Qxd6 exd6 9. Bxe2 d5 10. d4 Bb4 11. 0-0 Nbd7 12. Bd3 0-0 13. h3 Rfe8 14. Bf4 a5 15. a4 h6 16. Ne2 Ne4 17. c3 Bf8 18. f3 Nef6 19. g4 Re7 20. Ng3 g6 21. Rfe1 Rxe1+ 22. Rxe1 Re8 23. Kf1 Rxe1+ 24. Kxe1 Ne8 25. Kf2 Kg7 26. h4 Bd6 27. Ne2 Bxf4 28. Nxf4 Nd6 29. b3 Kf6 30. h5 g5 31. Ng2 b5 32. Ne3 bxa4 33. bxa4 Nb6 34. Bc2 Nbc4 35. Nxc4 Nxc4 36. Ke2 Ke6 37. Bb3 Nb6 38. Kd3 f5 39. Ke3 fxg4 40. fxg4 Kd6 41. Kd3 Nd7 42. Bd1 Nf6 43. Bf3 Nd7 44. Bd1 Nf8 45. Ke3 Ne6 46. Bc2 c5 47. Bf5 Ng7 48. Bg6 Ne6 49. Bf5 cxd4+ 50. cxd4 Nd8 51. Bd3 1/2-1/2

[Event "Wch Seniors 22nd"]
[Site "Kamena Vourla"]
[Date "2012.11.17"]
[Round "5"]
[White "Markovic, Lazar"]
[Black "Van Riemsdijk, Herman Claudius"]
[Result "0-1"]
[WhiteElo "2197"]
[BlackElo "2388"]
[PlyCount "78"]
[EventDate "2012.11.13"]
[EventType "swiss"]
[EventRounds "11"]
[EventCountry "GRE"]
[SourceTitle "CBM 151 Extra"]
[Source "ChessBase"]
[SourceDate "2012.12.18"]
[SourceVersion "1"]
[SourceVersionDate "2012.12.18"]
[SourceQuality "1"]

1. e4 e5 2. Nf3 Nc6 3. Bb5 a6 4. Bxc6 dxc6 5. d4 exd4 6. Qxd4 Qxd4 7. Nxd4 Bd7 8. Nc3 0-0-0 9. Be3 Bb4 10. Nde2 Ne7 11. a3 Bd6 12. f4 f6 13. 0-0 Rhe8 14. b4 Nd5 15. Bd4 Nb6 16. Bxb6 cxb6 17. Rad1 Bg4 18. Kf2 a5 19. Rb1 b5 20. h3 Be6 21. Rfd1 Kc7 22. Kf3 axb4 23. axb4 Ra8 24. Rd3 Bc4 25. Re3 Red8 26. Nc1 Be7 27. N3e2 Rd1 28. c3 Rf1+ 29. Kg3 g5 30. fxg5 Bd6+ 31. e5 Bxe5+ 32. Rxe5 fxe5 33. Rb2 Ra1 34. Rc2 Kd7 35. Kg4 Ke7 36. h4 Be6+ 37. Kg3 Bf5 38. Ra2 Rfxc1 39. Nxc1 Rxc1 0-1

[Event "Borovo"]
[Site "Borovo"]
[Date "2009.11.09"]
[Round "10"]
[White "Mrkonjic, Nenad"]
[Black "Markovic, Lazar"]
[Result "1/2-1/2"]
[WhiteElo "2370"]
[BlackElo "2251"]
[PlyCount "28"]
[EventDate "2009.11.04"]
[EventType "tourn"]
[EventRounds "10"]
[EventCountry "CRO"]
[EventCategory "3"]
[SourceTitle "CBM 133 Extra"]
[Source "ChessBase"]
[SourceDate "2010.01.05"]
[SourceVersion "1"]
[SourceVersionDate "2010.01.05"]
[SourceQuality "1"]

1. d4 d5 2. Nf3 Nf6 3. Ne5 c5 4. e3 e6 5. Bd3 Nc6 6. c3 Be7 7. 0-0 0-0 8. Nd2 Nxe5 9. dxe5 Nd7 10. f4 b6 11. Nf3 Bb7 12. Qc2 h6 13. Bd2 c4 14. Be2 Nc5 1/2-1/2

[Event "Borovo"]
[Site "Borovo"]
[Date "2009.11.05"]
[Round "3"]
[White "Martic, Zlatko"]
[Black "Markovic, Lazar"]
[Result "1-0"]
[WhiteElo "2359"]
[BlackElo "2251"]
[PlyCount "53"]
[EventDate "2009.11.04"]
[EventType "tourn"]
[EventRounds "10"]
[EventCountry "CRO"]
[EventCategory "3"]
[SourceTitle "CBM 133 Extra"]
[Source "ChessBase"]
[SourceDate "2010.01.05"]
[SourceVersion "1"]
[SourceVersionDate "2010.01.05"]
[SourceQuality "1"]

1. d4 d5 2. c4 c6 3. Nf3 Nf6 4. Nc3 e6 5. e3 Nbd7 6. Bd3 dxc4 7. Bxc4 b5 8. Bd3 Bb7 9. 0-0 a6 10. e4 c5 11. d5 e5 12. b3 g6 13. Bb2 Bg7 14. Rb1 0-0 15. h4 Re8 16. Bc1 h5 17. Bg5 Qb6 18. Nh2 Rab8 19. g4 hxg4 20. Nxg4 Nxg4 21. Qxg4 Nf6 22. Qg2 Bc8 23. Be2 b4 24. Nd1 Qa5 25. Ne3 Bb7 26. Rb2 Qa3 27. Nc4 1-0